|
|
|
|
| LEADER |
00687nam a2200181 i 4500 |
| 001 |
misc75774 |
| 005 |
20250114094451.0 |
| 008 |
250114s1972 hu o 000 hun d |
| 040 |
|
|
|a SZTE Miscellanea Repozitórium
|b hun
|
| 041 |
|
|
|a hun
|
| 100 |
1 |
|
|a Habermann Gusztáv
|
| 245 |
1 |
0 |
|a Rengey Ferdinánd
|h [elektronikus dokumentum] :
|b 1808-1858 /
|c Habermann Gusztáv
|
| 260 |
|
|
|a Somogyi-könyvtár
|b Szeged
|c 1972
|
| 300 |
|
|
|a p. 109-126.
|c 21 cm
|
| 650 |
|
4 |
|a Bölcsészettudományok
|
| 650 |
|
4 |
|a Történettudomány és régészet
|
| 695 |
|
|
|a Magyarország története - 19. sz. - életrajz, Rengey-Aigner Ferdinánd
|
| 856 |
4 |
0 |
|u http://misc.bibl.u-szeged.hu/75774/1/A_69747.pdf
|z Dokumentum-elérés
|